Thống kê ứng dụng trong nghiên cứu khoa học giáo dục. t.I, Thống kê mô tả /
Zapisane w:
| 1. autor: | |
|---|---|
| Format: | Sách giấy |
| Język: | Vietnamese |
| Wydane: |
H. :
Đại học Quốc gia,
2000
|
| Hasła przedmiotowe: | |
| Etykiety: |
Dodaj etykietę
Nie ma etykietki, Dołącz pierwszą etykiete!
|
| Thư viện lưu trữ: | Thư viện Trường Đại học Đà Lạt |
|---|
| LEADER | 00814nam a2200301 4500 | ||
|---|---|---|---|
| 001 | DLU040027630 | ||
| 005 | ##20040428 | ||
| 040 | # | # | |a DLU |b vie |
| 041 | # | # | |a vie |
| 044 | # | # | |a vn |
| 082 | # | # | |a 370.72 |b DU-T |
| 100 | # | # | |a Dương Thiệu Tống |
| 245 | # | # | |a Thống kê ứng dụng trong nghiên cứu khoa học giáo dục. |n t.I, |p Thống kê mô tả / |c Dương Thiệu Tống |
| 260 | # | # | |a H. : |b Đại học Quốc gia, |c 2000 |
| 300 | # | # | |a 163 tr. ; |c 20 cm |
| 504 | # | # | |a Tài liệu tham khảo :tr.161 |
| 650 | # | # | |a Giáo dục |x Thống kê |v Giáo trình. |
| 923 | # | # | |a 10/2004 |
| 990 | # | # | |a t.I |
| 992 | # | # | |a 12500 |
| 994 | # | # | |a DLU |
| 900 | # | # | |a True |
| 911 | # | # | |a Đào Thị Thu Huyền |
| 925 | # | # | |a G |
| 926 | # | # | |a A |
| 927 | # | # | |a SH |
| 980 | # | # | |a Thư viện Trường Đại học Đà Lạt |